• 首页
  • 本馆介绍
  • 公告通知
  • 最新文献
  • 馆藏检索
  • 电子资源
  • 读者导购
  • 参考咨询
  • 我的图书馆
  • 登录
  • 详细信息显示
  • 放入我的书架
  • 预约/预借图书
  • 作者相关作品
  • 分类相关作品
  • 丛书相关作品
  • 出版社相关作品

书目信息

  • 表格格式
  • 工作单格式
  • 卡片格式
题名:
磷酸铁锂动力电池故障机理及诊断方法研究
    
 
作者: 武超 著
分册:  
出版信息: 成都   电子科技大学出版社  2020.9
页数: 194页
开本: 24cm
丛书名:
单 册:
中图分类: TM911.4
科图分类:
主题词: 磷酸燃料电池--锂电池--故障诊断
电子资源:
ISBN: 978-7-5647-8067-8
000 01818nam0 2200289 45
001 012001000360
005 20140911134346.0
010    @a978-7-5647-8067-8@dCNY49.00
100    @a20210308d2020 em y0chiy50 ea
101 0  @achi
102    @aCN@b510000
105    @aa az 000yy
106    @ar
200 1  @a磷酸铁锂动力电池故障机理及诊断方法研究@Alin suan tie li dong li dian chi gu zhang ji li ji zhen duan fang fa yan jiu@dResearch on the fault mechanism and diagnostic approach for power lithium iron phosphate battery@f武超著@zeng
210    @a成都@c电子科技大学出版社@d2020.9
215    @a194页@c图@d24cm
300    @a河南省科技厅科技攻关项目, 电动汽车动力电池健康状态评估关键技术研究及其在梯利中应用, 182102210429
300    @a并列题名:Research on the fault mechanism and diagnostic approach for power lithium iron phosphate battery
314    @a武超,博士,副教授,工作于洛阳理工学院电气工程及其自动化学院。
320    @a有书目 (第181-191页)
330    @a最近几年来动力锂电池行业发展迅速,在电动汽车、储能系统、电动工具等领域得到大规模应用。与此同时,动力锂电地的安全性能也受到了广泛关注。动力锂电池具有较高的能星密度和功率密度,一旦发生故障引发热失控等安全事故,将带来严重的经济损失和社会危害。因此,研究动力锂电池的故障特性并开发有针对性的早期征兆提取和故障诊断方法是确保电池应用安全的基础。近本书提出的针对磷酸铁锂动力电池的故障诊断、预瞽和分离方法能够完成典型故障的特征提取、故障决策和机理辨析,为磷酸铁锂动力电池的故障研究和在线诊断工作提供了关键思路,经过扩展适用于其他类型的动力锂电池,具有较强的现实意义。
510 1  @aResearch on the fault mechanism and diagnostic approach for power lithium iron phosphate battery@zeng
606 0  @a磷酸燃料电池@x锂电池@x故障诊断
690    @aTM911.4@v5
701  0 @a武超@Awu chao@4著
801  0 @aCN@bBJSDL@c20211011
905    @b1331312-5@dTM911.4@e170@f4
    
    磷酸铁锂动力电池故障机理及诊断方法研究=Research on the fault mechanism and diagnostic approach for power lithium iron phosphate battery/武超著.-成都:电子科技大学出版社,2020.9
    194页:图;24cm
    河南省科技厅科技攻关项目, 电动汽车动力电池健康状态评估关键技术研究及其在梯利中应用, 182102210429.-并列题名:Research on the fault mechanism and diagnostic approach for power lithium iron phosphate battery
    
    ISBN 978-7-5647-8067-8:CNY49.00
    最近几年来动力锂电池行业发展迅速,在电动汽车、储能系统、电动工具等领域得到大规模应用。与此同时,动力锂电地的安全性能也受到了广泛关注。动力锂电池具有较高的能星密度和功率密度,一旦发生故障引发热失控等安全事故,将带来严重的经济损失和社会危害。因此,研究动力锂电池的故障特性并开发有针对性的早期征兆提取和故障诊断方法是确保电池应用安全的基础。近本书提出的针对磷酸铁锂动力电池的故障诊断、预瞽和分离方法能够完成典型故障的特征提取、故障决策和机理辨析,为磷酸铁锂动力电池的故障研究和在线诊断工作提供了关键思路,经过扩展适用于其他类型的动力锂电池,具有较强的现实意义。
●
相关链接 在E读中查询图书 在五车中查询图书 在当当中查询图书 在豆瓣中查询图书


正题名:磷酸铁锂动力电池故障机理及诊断方法研究     索取号:TM911.4/170         预约/预借

序号 登录号 条形码 馆藏地/架位号 状态 备注
1 1331312   213313127   第二样本阅览室/ [索取号:TM911.4/170] 在馆    
2 1331313   213313136   第三借阅区/ [索取号:TM911.4/170] 在馆    
3 1331314   213313145   第三借阅区/ [索取号:TM911.4/170] 在馆    
4 1331315   213313154   第三借阅区/ [索取号:TM911.4/170] 在馆    
唐山师范学院图书馆 欢迎您!
大连网信软件有限公司© 版权所有